Analýza dopadu vstupu SR do EMÚ diplomová práca
Guardado en:
| Autor principal: | |
|---|---|
| Autor Corporativo: | |
| Otros Autores: | |
| Formato: | Libro |
| Lenguaje: | eslovaco |
| Publicado: |
Bratislava
2011
|
| Etiquetas: |
Sin Etiquetas, Sea el primero en etiquetar este registro!
|
MARC
| LEADER | 00000nbm a2200000 4500 | ||
|---|---|---|---|
| 001 | 0130886 | ||
| 005 | 20161109101627.7 | ||
| 041 | 0 | |a slo | |
| 044 | |a SK | ||
| 245 | 1 | 0 | |a Analýza dopadu vstupu SR do EMÚ |b diplomová práca |c Radoslav Rusňák ; školiteľ: Peter Kopkáš |
| 264 | 1 | |a Bratislava |c 2011 | |
| 300 | |a 74 s. | ||
| 100 | 1 | |a Rusňák, Radoslav | |
| 700 | 1 | |a Kopkáš, Peter | |
| 710 | 2 | |a Národohospodárska fakulta EU. Katedra hospodárskej politiky | |